Social Psychology (Record no. 6035)

MARC details
005 - DATE AND TIME OF LATEST TRANSACTION
control field 20250628134839.0
020 ## - INTERNATIONAL STANDARD BOOK NUMBER
International Standard Book Number 13-818039-3
082 ## - DEWEY DECIMAL CLASSIFICATION NUMBER
Classification number 150 FRE
100 ## - MAIN ENTRY--PERSONAL NAME
Author name FREEDMAN, J.
245 ## - TITLE STATEMENT
Title Social Psychology
260 ## - PUBLICATION, DISTRIBUTION, ETC.
Place of publication, distribution, etc. New York,
Name of publisher, distributor, etc. Prentice Hall,
Date of publication, distribution, etc. 1970
300 ## - PHYSICAL DESCRIPTION
Extent xvii, 486p.; ill.; figure, picture
Dimensions 24cm
700 ## - ADDED ENTRY--PERSONAL NAME
Other authors/Editors CARSMITH, J. et all...
942 ## - ADDED ENTRY ELEMENTS (KOHA)
Source of classification or shelving scheme Dewey Decimal Classification
Koha item type Books
Holdings
Date last seen Total checkouts Full call number Barcode Cost, replacement price Price effective from Koha item type Lost status Source of classification or shelving scheme Damaged status Not for loan Withdrawn status Home library Current library Shelving location Date acquired Cost, normal purchase price
06/28/2025   150 FRE DOM0002488 90000.00 06/28/2025 Books   Dewey Decimal Classification       CBE Dodoma CBE Dodoma General Collection 06/03/2009 30000.00